000 00470nam a2200193Ia 4500
008 151119s9999||||xx |||||||||||||| ||und||
082 _a891.463
082 _bGKKV23515
100 _aनाईक गुरुनाथ
245 _aधडक
260 _a--
260 _b--
260 _c0
600 _aनाईक गुरुनाथ
630 _aधडक
700 _aनाईक गुरुनाथ
730 _aधडक
942 _cBOOK
999 _c1076156
_d1076153